|
|
|
|
| LEADER |
00000nam0a2200000 4500 |
| 001 |
264981 |
| 005 |
20231101233859.0 |
| 010 |
|
|
|a 9785160060378
|
| 035 |
|
|
|a (RuTPU)RU\TPU\book\287979
|
| 090 |
|
|
|a 264981
|
| 100 |
|
|
|a 20140623d2014 m y0rusy50 ca
|
| 101 |
0 |
|
|a rus
|
| 102 |
|
|
|a RU
|
| 105 |
|
|
|a y j 001zy
|
| 200 |
1 |
|
|a Мировая экономика и международные экономические отношения
|e учебник для вузов
|f В. В. Любецкий
|
| 210 |
|
|
|a Москва
|c Инфра-М
|d 2014
|
| 215 |
|
|
|a 349 с.
|
| 225 |
1 |
|
|a Высшее образование. Бакалавриат
|
| 320 |
|
|
|a Библиогр.: с. 320-324.
|
| 320 |
|
|
|a Глоссарий: с. 325-346.
|
| 330 |
|
|
|a Учебник по курсу «Мировая экономика и международные экономические отношения» предназначен для студентов, обучающихся по программе подготовки бакалавров по направлению 080100.62 — «Экономика». Тематика учебника предполагает изучение закономерностей развития и функционирования мирового хозяйства как динамичной системы взаимосвязей ее субъектов.
|
| 606 |
1 |
|
|a Мировая экономика
|2 stltpush
|3 (RuTPU)RU\TPU\subj\44096
|9 63470
|
| 606 |
1 |
|
|a Международные экономические отношения
|2 stltpush
|3 (RuTPU)RU\TPU\subj\69990
|9 84584
|
| 610 |
1 |
|
|a мировое хозяйство
|
| 610 |
1 |
|
|a международное разделение труда
|
| 610 |
1 |
|
|a международные корпорации
|
| 610 |
1 |
|
|a интеграция
|
| 610 |
1 |
|
|a интеграционные процессы
|
| 610 |
1 |
|
|a мировое хозяйство
|
| 610 |
1 |
|
|a страны мира
|
| 610 |
1 |
|
|a глобальные проблемы
|
| 610 |
1 |
|
|a международная торговля
|
| 610 |
1 |
|
|a мировая торговля
|
| 610 |
1 |
|
|a государственное регулирование
|
| 610 |
1 |
|
|a государственное регулирование
|
| 610 |
1 |
|
|a научно-техническое сотрудничество
|
| 610 |
1 |
|
|a международное движение капитала
|
| 610 |
1 |
|
|a мировая валютная система
|
| 610 |
1 |
|
|a валютный рынок
|
| 610 |
1 |
|
|a платежные балансы
|
| 610 |
1 |
|
|a рынок рабочей силы
|
| 610 |
1 |
|
|a Российская Федерация
|
| 610 |
1 |
|
|a учебники
|
| 686 |
|
|
|a У5я73
|v LBC/SL-A
|2 rubbk
|
| 686 |
|
|
|a У580я73
|v LBC/SL-A
|2 rubbk
|
| 700 |
|
1 |
|a Любецкий
|b В. В.
|g Владимир Владимирович
|
| 801 |
|
1 |
|a RU
|b 63413507
|c 20140623
|
| 801 |
|
2 |
|a RU
|b 63413507
|c 20150624
|g RCR
|
| 900 |
|
|
|a Мировая экономика и международные экономические отношения
|
| 942 |
|
|
|c BK
|
| 955 |
|
|
|l 8.1
|
| 959 |
|
|
|a 89/20140527
|d 2
|e 399,90
|f ЧЗГЛ:1
|f АНЛ:1
|